000 00345nam a2200145Ia 4500
005 20251222154354.0
008 251222s9999||||xx |||||||||||||| ||spa||
020 _a9788493465285
082 _a860/S25
100 _aSantamaría, José R.
245 0 _aHuecos de un mismo Dios
250 _a1ra.ed.
264 _bSeyce Ediciones
942 _cLIB
999 _c35037
_d35037